000 00965nam a2200229Ia 4500
001 L248-15759
003 IT-CnALBA
008 170116s9999||||xx |||||||||||||| ||und||
040 _aIT-CnALBA
_cIT-CnALBA
041 _aITALIANO
100 _aPEZZALI PIETRO, MONSIGNORE
245 0 _aUNA BUONA PAROLA AI NOSTRI UOMINI. VOL. I: " VEDETE... ". (PER MISSIONI E RITIRI).
250 _a1a ed.
260 _aMILANO
_bDAVERIO GIOVANNI EDITORE
_c1923 [1° Ed.:1923 - Ed.Ling.Originale: 1923]
300 _a354 p. (prefazione: 5)
500 _aVITA. FEDE IN DIO. GESÙ CRISTO, DIO E PAROLA. GRAZIA. LEGGE. COSCIENZA. CHIESA. IGNORANZA RELIGIOSA.
501 _aSocietà San Paolo EM - Piazza San Paolo, 14 - 12051 ALBA (CN) (non commercial uses only) ® Copyright 2017
520 _aVITA. FEDE IN DIO. GESÙ CRISTO, DIO E PAROLA. GRAZIA. LEGGE. COSCIENZA. CHIESA. IGNORANZA RELIGIOSA.
650 _aASCETICA E MISTICA
942 _cBK
957 _71
999 _a20509
_bSI
_g Copie: 1
_c274928
_d274928